| 000 | 00318nam a22001217a 4500 | ||
|---|---|---|---|
| 082 |
_a297.63 _bAFR |
||
| 100 | _aAfrasiab | ||
| 245 |
_aThe Greatest Man in History is MUHAMMAD PBUH / _cAfrasiab |
||
| 260 |
_aIslamabad: _bNational Book Foundation, _c2025. |
||
| 300 | _aVolumes | ||
| 563 | _aHB. | ||
| 942 |
_2ddc _cBK |
||
| 999 |
_c613983 _d613983 |
||